000 00291nam a2200121Ia 4500
008 231129s1956||||xx |||||||||||||| ||spa||
082 _aHAJ- 0072
100 _aValois Arce Daniel
245 0 _aBoceto de Jesús para profanos
260 _c1956
264 _a[s.l]: E.S.F.
942 _2ddc
_cBKS
999 _c6240
_d6240